000 01188nam a2200289 a 4500
001 ebr10618829
003 CaPaEBR
006 m u
007 cr cn|||||||||
008 121113s2012 nju sb 001 0 eng d
020 _z9781118511374
020 _z9781118520697 (e-book)
040 _aCaPaEBR
_cCaPaEBR
035 _a(OCoLC)820818805
050 1 4 _aLB2375
_b.S78 2012eb
245 0 0 _aStudy abroad in a new global century
_h[electronic resource] :
_brenewing the promise, refining the purpose /
_cSusan B. Twombly ... [et al.].
260 _aHoboken, N.J. :
_bWiley,
_c2012.
300 _axiii, 152 p.
440 0 _aASHE higher education report,
_x1551-6970 ;
_vv. 38, no. 4
504 _aIncludes bibliographical references and indexes.
533 _aElectronic reproduction.
_bPalo Alto, Calif. :
_cebrary,
_d2011.
_nAvailable via World Wide Web.
_nAccess may be limited to ebrary affiliated libraries.
650 0 _aForeign study.
655 7 _aElectronic books.
_2local
700 1 _aTwombly, Susan B.
710 2 _aebrary, Inc.
856 4 0 _uhttp://site.ebrary.com/lib/rucke/Doc?id=10618829
_zAn electronic book accessible through the World Wide Web; click to view
999 _c74593
_d74593